000 00297nam a2200109Ia 4500
008 200302s9999 xx 000 0 und d
100 _aSatyendra Mittal
245 _aAn Introduction to Ground Improvement Engineering
260 _bScientific International Pvt.Ltd
260 _c2015
300 _a284 P
999 _c4219
_d4219